'M' Blitz Quiz Stats

 Plays Quiz Updated Nov 21, 2018

Also try: 'N' Blitz
Challenge
Share
Tweet
Embed
Score 0/40 Timer 04:00
5 Plays Today
Category Answer % Correct
MonthMarch
99.5%
Simpsons' family memberMaggie
96.2%
Day of the weekMonday
95.9%
US stateMinnesota
92.2%
Jackson siblingMichael
85.2%
African countryMorocco
83.8%
Borough of New York Manhattan
83.4%
Animal classificationMammal
83.3%
Type of toothMolar
82.2%
Mathematical operationMultiplication
82.2%
Friends main characterMonica
80.8%
Disney mascotMickey
78.8%
Sporcle categoryMiscellaneous
70.1%
Military rankMajor
70.1%
Olympic cityMexico City
69.5%
Asian countryMalaysia
68.9%
US PresidentMadison
68.9%
European countryMacedonia
67.9%
Shakespeare playMacbeth
64.2%
Teenage Mutant Ninja TurtleMichelangelo
63.9%
Category Answer % Correct
ElementMercury
63.6%
Book of the BibleMatthew
63.1%
Chinese Zodiac animalMonkey
55.4%
English monarchMary I
55.3%
Brady Bunch memberMarcia
54.7%
MLB team nameMariners
54.3%
Premier league team (ever)Manchester United
53.9%
Human boneMandible
52.6%
Canadian provinceManitoba
49%
Disney animated movieMulan
42%
Fellowship HobbitMerry
39.5%
Pixar movieMonsters, Inc.
39.5%
Roald Dahl bookMatilda
37.5%
Hogwarts' ProfessorMcGonagall
36%
Monopoly propertyMarvin Gardens
35.5%
NBA team nameMagic
30.8%
James Bond movieMoonraker
28.8%
Beatles songMichelle
21.9%
Narnia book (The ...)Magician's Nephew
19.3%
Oscar Best PictureMillion Dollar Baby
16.3%

You're not logged in!

Compare scores with friends on all Sporcle quizzes.
OR
Log In

You Might Also Like...

Show Comments

Extras

Top Quizzes Today


Score Distribution

Your Account Isn't Verified!

In order to create a playlist on Sporcle, you need to verify the email address you used during registration. Go to your Sporcle Settings to finish the process.

Report this User

Report this user for behavior that violates our Community Guidelines.

Details: